WWE ALL Women's World Champions Quiz - Statistics

General Stats
  • This quiz has been taken 748 times
    496 since last reset
  • The average score is 35 of 56
Answer Stats
WWE1 DIVA WWE2 WWC Total Days Wrestler % Correct
1 6 7 14 984 Charlotte
93%
2 5 7 846 Becky Lynch
92%
2 2 307 Nikki Bella
91%
1 1 70 Brie Bella
90%
1 2 3 534 Rhea Ripley
90%
3 3 406 AJ Lee
87%
2 2 4 714 Bayley
87%
5 1 6 283 Sasha Banks
86%
7 7 828 Trish Stratus
86%
3 2 5 508 Alexa Bliss
85%
3 1 4 497 Asuka
84%
2 2 324 Liv Morgan
84%
4 4 160 Lita
83%
1 1 2 293 Iyo Sky
82%
2 1 3 553 Bianca Belair
81%
2 2 149 Naomi
81%
2 2 223 Nia Jax
80%
1 1 2 156 Natalya
77%
2 2 119 Paige
75%
1 2 3 370 Ronda Rousey
73%
5 1 6 445 Mickie James
71%
1 1 131 Carmella
70%
1 1 106 Tiffany Stratton
70%
3 1 4 571 Beth Phoenix
69%
2 2 4 496 Michelle McCool
68%
1 1 214 Chyna
65%
1 1 104 Kelly Kelly
65%
1 1 41 Leilani Kai
64%
3 2 5 398 Melina
64%
1 1 2 271 Layla
62%
1 1 33 Nikki A.S.H.
62%
1 1 56 Alicia Fox
59%
2 2 265 Maryse
58%
2 2 301 Molly Holly
58%
1 1 105 Candice Michelle
57%
2 2 244 Victoria
57%
4 4 643 Fabulous Moolah, The
55%
3 3 260 Eve Torres
53%
3 3 539 Alundra Blayze
52%
2 2 117 Jacqueline
50%
1 1 176 Sable
50%
1 1 146 Stephanie McMahon
50%
3 3 331 Ivory
49%
2 2 162 Jazz
46%
1 1 153 Kaitlyn
46%
1 1 28 Gail Kim
44%
1 1 1 Jillian Hall
42%
1 1 50 Kat, The
37%
1 1 134 Bull Nakano
34%
2 2 449 Wendi Richter
34%
1 1 441 Sensational Sherri
29%
1 1 29 Debra
28%
1 1 502 Rockin' Robin
25%
1 1 6 Velvet McIntyre
24%
1 1 57 Bertha Faye
23%
1 1 1 Hervina (Harvey Wippleman)
21%
No matching quizzes found
Score Distribution
Percent of People with Each Score
Percentile by Number Answered
Your Score History
You have not taken this quiz since the last reset